LEADER 02421nam a2200409 a 4500 001 000000132440 003 CaOOAMICUS 005 20130129092822.0 008 130125s2006 it u000 u ita r 020 $a88-7794-536-2 040 $aPUL$bita 082 04$a264 111 2 $aCongresso eucaristico nazionale$n(23 :$d1997 :$cBologna).$0(OLS)http://pul/name/34058 245 10$aGesù Cristo, unico Salvatore del mondo, ieri, oggi e sempre /$cAtti del 23. Congresso Eucaristico Nazionale. Bologna 20-28 settembre 1997. 260 $aBologna :$bEditrice Compositori,$c©2006. 300 $a4 v.. ;$c21 cm 500 $aQuest'opera è stata realizzata grazie al contributo di UniCredit Banca. 500 $aInclude riferimenti bibliografici ed indici. 505 0 $aV. 1: La preparazione del Congresso : 1944-1997. -- v. 2: L'anno del Congresso : 1996-1997. -- v. 3: Le celebrazioni conclusive : 20-28 settembre 1997. -- v. 4: Indici. 650 4$aCulto pubblico.$0(OLS)http://pul/subject/37717 740 32$aLa preparazione del congresso : 1944-1997. 740 22$aL'anno del congresso : 1996-1997. 740 32$aLe celebrazioni conclusive : 20-28 settembre 1997. 850 $aPUL 852 $aPUL$W1$xDP2 Religione 3$y114$m264 ATCEN 1.1$j152403$av. 1$qDDC 21$B151753$CPULBib$Z2$F151753 $H103921 $82 852 $aPUL$W1$xDP2 Religione 3$y114$m264 ATCEN 1.2$j152404$av. 2$qDDC 21$B151754$CPULBib$Z2$F151754 $H103922 $82 852 $aPUL$W1$xDP2 Religione 3$y114$m264 ATCEN 1.3$j152414$av. 3$qDDC 21$B151764$CPULBib$Z2$F151764 $H103923 $82 852 $aPUL$W1$xDP2 Religione 3$y114$m264 ATCEN 1.4$j152415$av. 4$qDDC 21$B151765$CPULBib$Z2$F151765 $H103924 $82 941 1 $a9 996 $6020$a88-7794-536-2$9(OLS)http://pul/number/151610 996 $6082$a264$9(OLS)http://pul/classification/492 996 $6245$aGesù Cristo, unico Salvatore del mondo, ieri, oggi e sempre$9(OLS)http://pul/title/167321 996 $6740$aLa preparazione del congresso : 1944-1997$9(OLS)http://pul/title/167322 996 $6740$aL'anno del congresso : 1996-1997$9(OLS)http://pul/title/167323 996 $6740$aLe celebrazioni conclusive : 20-28 settembre 1997$9(OLS)http://pul/title/167333 996 $6260$aBologna :$bEditrice Compositori$9(OLS)http://pul/publisher/55021 LEADER 01152nam a2200277 u 4500 001 000000063165 003 CaOOAMICUS 005 20070226121220.0 008 011019s1956 it h u000 u fre u 035 $a10907122 040 $aPUL(R)$bita 100 1 $aDondaine, Antoine,$cO.P.$0(OLS)http://pul/name/23343 245 10$aSecrétaires de Saint Thomas /$cpar Antoine Dondaine. 260 $aRoma :$bEditori di S. Tommaso,$c1956. 300 $a2 v. :$btav. (facs.), ;$c24 cm 490 1 $aEditores operum Sancti Thomae de Aquino ;$v1 504 $aContiene bibliografia. 600 04$aThomas Aquinas,$cs.,$dc. 1225-1274.$0(OLS)http://pul/subject/448 830 0$aEditores operum Sancti Thomae de Aquino ;$v1.$0(OLS)http://pul/title/1275 850 $aPUL 852 $aPUL$W1$xSL Religione 1$y3$m70 L 1$j82002$nBK-PRI$b $qStampati$B82002$CPULBib$Z2$F82002 $H $81 941 1 $a8 960 $aTommaso d'Aquino,$cs.,$d1225-1274$9448 961 $aINV: 32566-7 996 $6245$aSecrétaires de Saint Thomas$9(OLS)http://pul/title/84242 996 $6260$aRoma :$bEditori di S. Tommaso$9(OLS)http://pul/publisher/70560